Physics. (Record no. 8899)
[ view plain ]
| 000 -LEADER | |
|---|---|
| fixed length control field | 01056nam a2200325 i 4500 |
| 001 - CONTROL NUMBER | |
| JCCL Control Number | 8899 |
| 003 - CONTROL NUMBER IDENTIFIER | |
| JCCL marc code | MCM |
| 005 - DATE AND TIME OF LATEST TRANSACTION | |
| control field | 20220322134023.0 |
| 008 - FIXED-LENGTH DATA ELEMENTS--GENERAL INFORMATION | |
| fixed length control field | 780831s1966 nyua b 001 0 eng |
| 020 ## - INTERNATIONAL STANDARD BOOK NUMBER | |
| International Standard Book Number | 0471345245 |
| 035 ## - SYSTEM CONTROL NUMBER | |
| system control number | (BD-JHCC)-8899 |
| 035 ## - SYSTEM CONTROL NUMBER | |
| system control number | GLIS00169502 |
| 040 ## - CATALOGING SOURCE | |
| Original cataloging agency | DLC |
| Transcribing agency | DLC |
| Modifying agency | m.c. |
| -- | MYG |
| 041 ## - LANGUAGE CODE | |
| Language code of Book | eng |
| 082 ## - DEWEY DECIMAL CLASSIFICATION NUMBER | |
| Classification number | 530 |
| Author mark and Year | RES 1966 |
| 090 ## - LOCALLY ASSIGNED LC-TYPE CALL NUMBER (OCLC); LOCAL CALL NUMBER (OCLC) | |
| Classification number (OCLC) (R) ; Classification number, CALL (RLIN) (NR) | QC21 |
| Local cutter number (OCLC) ; Book number/undivided call number, CALL (RLIN) | .H188 1966 |
| 099 ## - LOCAL FREE-TEXT CALL NUMBER | |
| Classification number | QC21.H188 1966 |
| 100 1# - MAIN ENTRY--PERSONAL NAME | |
| Personal name | Resnick, Robert, |
| Dates associated with a name | 1923-2014. |
| 245 10 - TITLE STATEMENT | |
| Title | Physics. |
| Remainder of title | Parts I and II. [by] David Halliday [and] Robert Resnick. |
| 250 ## - EDITION STATEMENT | |
| Edition statement | 2d ed. rev. & combined |
| 260 ## - PUBLICATION, DISTRIBUTION, ETC. (IMPRINT) | |
| Place of publication, distribution, etc | New York : |
| Name of publisher, distributor, etc | Wiley, |
| Date of publication, distribution, etc | c1966. |
| 300 ## - PHYSICAL DESCRIPTION | |
| Pagination | xxvi, 1214, 110 p. : |
| Other physical details | ill. ; |
| Dimensions | 25 cm. |
| 500 ## - GENERAL NOTE | |
| General note | Authors' names in reverse order in v. 1 of other editions. |
| 500 ## - GENERAL NOTE | |
| General note | Published in 1962 under title: Physics for students of science and engineering. |
| 504 ## - BIBLIOGRAPHY, ETC. NOTE | |
| Bibliography, etc | Includes bibliographical references and index. |
| 650 #0 - SUBJECT ADDED ENTRY--TOPICAL TERM | |
| Topical term or geographic name as entry element | Physics. |
| 700 1# - ADDED ENTRY--PERSONAL NAME | |
| Personal name | Resnick, Robert, |
| Dates associated with a name | 1923-2014. |
| 942 ## - ADDED ENTRY ELEMENTS (KOHA) | |
| Source of classification or shelving scheme | Dewey Decimal Classification |
| Koha item type | Books |
| Koha issues (borrowed), all copies | 2 |
| Source of classification or shelving scheme | Damaged status | Not for loan | Home library | Current library | Shelving location | Date of accession | Total Checkouts | Full call number | Barcode | Date last seen | Date checked out | Copy number | Koha item type |
|---|---|---|---|---|---|---|---|---|---|---|---|---|---|
| Dewey Decimal Classification | JCC Rouf Library | JCC Rouf Library | General Stacks | 05/29/2023 | 4 | 530 RES 1966 | 11705 | 12/24/2024 | 10/21/2024 | C - 1 | Books |